Long Memory in Clean Energy Exchange Traded Funds

Cieľom tejto štúdie je zistiť, či fondy obchodované na burze čistej energie (ETF) vykazujú vlastnosti dlhodobej pamäte a či pre tieto aktíva platí hypotéza efektívneho trhu. Výsledky modelu vytvoreného na testovanie duálnej dlhej pamäte naznačujú existenciu dlhej pamäte v návratnosti aj volatilite s...

Descripción completa

Guardado en:
Detalles Bibliográficos
Autor principal: Höl, Arife Özdemir
Formato: Capítulo de libro
Lenguaje:inglés
Materias:
Etiquetas: Agregar Etiqueta
Sin Etiquetas, Sea el primero en etiquetar este registro!

MARC

LEADER 00000naa a2200000 4500
001 0307194
005 20250221095332.5
041 0 |a eng 
044 |a CZ 
245 1 0 |a Long Memory in Clean Energy Exchange Traded Funds  |c Arife Özdemir Höl 
520 |a Cieľom tejto štúdie je zistiť, či fondy obchodované na burze čistej energie (ETF) vykazujú vlastnosti dlhodobej pamäte a či pre tieto aktíva platí hypotéza efektívneho trhu. Výsledky modelu vytvoreného na testovanie duálnej dlhej pamäte naznačujú existenciu dlhej pamäte v návratnosti aj volatilite sérií ICLN, PBD, PBW, zatiaľ čo vlastnosť dlhej pamäte sa nachádza iba v volatilite ostatných premenných. 
610 2 0 |a fondy akciové 
610 2 0 |a burzy 
610 2 0 |a energia 
610 2 0 |a výnosy 
610 2 0 |a história 
100 1 |a Höl, Arife Özdemir